100 Most Popular Anime on MyAnimeList - Statistics

General Stats
  • This quiz has been taken 325 times
    274 since last reset
  • The average score is 31 of 100
Answer Stats
Rank Answer % Correct
22 One Piece
89%
1 Shingeki no Kyojin
88%
8 Naruto
87%
2 Death Note
76%
40 Bleach
75%
7 Kimetsu no Yaiba
74%
6 Boku no Hero Academia
72%
19 Jujutsu Kaisen
70%
74 Fullmetal Alchemist
66%
3 Fullmetal Alchemist: Brotherhood
66%
10 Hunter x Hunter
65%
4 One Punch Man
60%
5 Sword Art Online
60%
9 Tokyo Ghoul
58%
37 Haikyuu!
54%
64 JoJo no Kimyou na Bouken
54%
20 Code Geass: Hangyaku no Lelouch
50%
66 Black Clover
49%
48 Fairy Tail
46%
13 Steins;Gate
46%
11 Kimi no Na wa
45%
98 Spy x Family
43%
91 Vinland Saga
43%
35 Ansatsu Kyoushitsu
42%
55 Kaguya-sama wa Kokurasetai: Tensai-tachi no Renai Zunousen
40%
31 Nanatsu no Taizai
40%
24 Re:Zero kara Hajimeru Isekai Seikatsu
40%
29 Akame ga Kill!
39%
23 Shigatsu wa Kimi no Uso
39%
56 Dr.Stone
38%
15 Naruto: Shippuden
38%
16 No Game No Life
38%
43 Cowboy Bebop
37%
51 Violet Evergarden
37%
73 Fate/Zero
35%
46 Neon Genesis Evangelion
35%
36 Ao no Exorcist
34%
18 Koe no Katachi
34%
28 Angel Beats!
33%
81 High School DxD
33%
25 Noragami
33%
21 Toradora!
33%
50 Kill la Kill
32%
53 Another
31%
97 Enen no Shouboutai
31%
30 Boku Dake ga Inai Machi
30%
79 Clannad
30%
44 Sen to Chihiro no Kamikakushi
30%
57 Shokugeki no Souma
30%
59 Soul Eater
30%
42 Kiseijuu: Sei no Kakuritsu
29%
33 Mob Psycho 100
29%
68 Overlord
29%
49 Death Parade
28%
95 Howl no Ugoku Shiro
28%
77 Kakegurui
26%
39 Kono Subarashii Sekai ni Shukufuku wo!
26%
32 Mirai Nikki
26%
38 Yakusoku no Neverland
25%
58 Psycho-Pass
24%
93 Bungou Stray Dogs
22%
72 Highschool of the Dead
22%
61 Ano Hi Mita Hana no Namae wo Bokutachi wa Mada Shiranai
21%
65 Charlotte
21%
80 Durarara!!
21%
62 Darling in the FranXX
20%
92 Made in Abyss
20%
63 Tengen Toppa Gurren Lagann
20%
90 Owari no Seraph
18%
89 Tensei shitara Slime Datta Ken
18%
70 Elfen Lied
17%
69 Tate no Yuusha no Nariagari
17%
83 Bakemonogatari
14%
71 Dungeon ni Deai wo Motomeru no wa Machigatteiru Darou ka
14%
100 Deadman Wonderland
13%
12 Shingeki no Kyojin Season 2
12%
17 Shingeki no Kyojin Season 3
12%
26 Boku no Hero Academia 3rd Season
11%
41 Shingeki no Kyojin: The Final Season
11%
34 Sword Art Online II
11%
67 Hataraku Maou-sama!
10%
87 Hyouka
10%
60 One Punch Man 2nd Season
9%
84 Haikyuu!! Second Season
8%
52 Seishun Buta Yarou wa Bunny Girl Senpai no Yume wo Minai
8%
82 Yahari Ore no Seishun Love Comedy wa Machigatteiru
8%
14 Boku no Hero Academia 2nd Season
7%
27 Shingeki no Kyojin Season 3 Part 2
7%
54 Boku no Hero Academia 4th Season
6%
94 Mahou Shoujo Madoka★Magica
6%
85 Ansatsu Kyoushitsu 2nd Season
5%
47 Code Geass: Hangyaku no Lelouch R2
5%
78 Mob Psycho 100 II
5%
76 Noragami Aragoto
5%
99 Sakura-sou no Pet na Kanojo
5%
45 Tokyo Ghoul √A
5%
96 Kaguya-sama wa Kokurasetai? Tensai-tachi no Renai Zunousen Season 2
4%
86 Kimetsu no Yaiba Movie: Mugen Ressha-hen
4%
88 Chuunibyou demo Koi ga Shitai!
3%
75 Kono Subarashii Sekai ni Shukufuku wo! 2
2%
No matching quizzes found
Score Distribution
Percent of People with Each Score
Percentile by Number Answered
Your Score History
You have not taken this quiz since the last reset